LEADER 01041cam0-2200337---450- 001 990007868970403321 005 20111116161025.0 010 $a88-8264-253-4 035 $a000786897 035 $aFED01000786897 035 $a(Aleph)000786897FED01 035 $a000786897 100 $a20040416d2003----km-y0itay50------ba 101 0 $aita 102 $aIT 105 $a--------001yy 200 1 $aPost-ermetismo solidale$eetica e pedagogismo ianualiano$esaggio sulla poetica di Gianni Ianuale con cenni di antropologia ed etica della letteratura per le scuole$fRosario Cerciello 210 $aNapoli$cLER$d2003 215 $a109 p.$d21 cm 610 0 $aIanuale, Gianni$aOpere$aCritica 676 $a851.91409 700 1$aCerciello,$bRosario$0282064 801 0$aIT$bUNINA$gRICA$2UNIMARC 901 $aBK 912 $a990007868970403321 952 $a851.91409 CER 1$bBibl.46714$fFLFBC 952 $a851.91409 CER 1BIS$fNAP03 959 $aFLFBC 959 $aNAP03 996 $aPost-ermetismo solidale$9673219 997 $aUNINA LEADER 01132nam0-22003971i-450- 001 990003028670403321 010 $a0-333-27027-4 010 $a0-333-32199-5 035 $a000302867 035 $aFED01000302867 035 $a(Aleph)000302867FED01 035 $a000302867 100 $a20000920d1982----km-y0itay50------ba 101 0 $aita 102 $aIT 200 1 $aClassical and Marxian Political Economy$eEssays in Honour of Ronald L. Meek$fEdited by Ian Bradley and Michael Howard. 210 $aBasingstoke$aLondon$cMacmillan$d1982. 215 $aXIV, 300 p.$d21 cm 610 0 $aQuesnay, François 610 0 $aSraffa, Piero 676 $aD/0 676 $aD/2.2 676 $aD/3 676 $aD/4.2 702 1$aBradley,$bIan 702 1$aHoward,$bMichael Charles$f<1945- > 702 1$aMeek,$bRonald Lindley$f<1917-1978> 801 0$aIT$bUNINA$gRICA$2UNIMARC 901 $aBK 912 $a990003028670403321 952 $aD/0 BRA$b10989$fSES 952 $aD/0 BRA$b12065/I$fSES 959 $aSES 996 $aClassical and Marxian political economy$9296524 997 $aUNINA DB $aING01 LEADER 06417 am 22007333u 450 001 996210012403316 005 20230621135400.0 035 $a(CKB)2670000000334350 035 $a(SSID)ssj0000986175 035 $a(PQKBManifestationID)11586431 035 $a(PQKBTitleCode)TC0000986175 035 $a(PQKBWorkID)10934182 035 $a(PQKB)10819733 035 $a(WaSeSS)Ind00074903 035 $a(oapen)https://directory.doabooks.org/handle/20.500.12854/32908 035 $a(EXLCZ)992670000000334350 100 $a20160829h20072007 fy 0 101 0 $ager 135 $aurm|#---||||| 181 $ctxt$2rdacontent 182 $cc$2rdamedia 183 $acr$2rdacarrier 200 14$aDas Wiener Klavier bis 1850 $eBericht des symposiums "Das Wiener Klavier bis 1850", veranstaltet von der Sammlung alter Musikinstrumente des Kunsthistorischen Museums Wien vom 16. bis 18.10.2003 /$fherausgegeben von Beatrix Darmsta?dter, Alfons Huber, Rudolf Hopfner 210 $aTutzing$cMusikantiquariat und Verlag Hans Schneider$d2008 210 31$aTutzing, Germany :$cVerlegt Bei Hans Schneider,$d2007 210 4$d©2007 215 $a1 online resource (276 pages) $cillustrations (some colour), music; digital, PDF file(s) 300 $aBibliographic Level Mode of Issuance: Monograph 300 $aInternational conference proceedings. 311 08$aPrint version: 379521243X 330 $aThe presented book, the amplified proceedings of the symposium "Das Wiener Klavier 1850", held at Neue Burg (Vienna) in 2003 combines as regards content recent organological and biographical research, answers questions concerning the original-instrument performance of the romantic period and focuses on technological features in the making of the Viennese pianoforte. In the 2nd half of the 18th century Vienna became the European centre of production of pianofortes whereas the typical Viennese pianoforte-sound, evolved from special technological and constructional parameters, acted as a stimulant on composers and interprets. Many instrument makers - some of them originally German - working and living in Vienna contributed to this uplifting evolution with their innovative work for the Austrian Court or simply as civic craftsmen. A quite impressive amount of material about their biographies and contracts was investigated and is an integral part of the publication. With the beginning of the 19th century firms in Paris and London were of utmost importance for the pianoforte industry. Broadwood and Erard for instance in an international terrain and started an early mass-production of instruments based on the English action. Beside these instruments the Viennese pianoforte with its German action could not easily compete with. The book contains the analysis of the manufacturing techniques of the Viennese pianoforte and of the company organisations respectively the corporate structures of the comparatively small businessmen in the Austrian region and the Hapsburg Crown lands particularly with regard to the interactions between the Viennese, German and Italian workshops. Moreover the variants in aesthetic design and development of the Viennese pianofortes until the time by 1850 are pointed out and results of recent dendrochronological research of instruments preserved by renowned collections are published in this book. 330 $aDer vorliegende Band ist der stark erweiterte Bericht des 2003 in dern Neuen Burg Wien abgehaltenen Symposiums "Das Wiener Klavier bis 1850". Inhaltlich verbindet diese Publikation die aktuelle organologische sowie biographische Forschung, beantwortet Fragen zur Aufführungspraxis der Romantik und diskutiert instrumentenbauliche Merkmale des Wiener Klaviers. Ab der 2.Hälfte des 18. Jhs. entwickelte sich Wien zum Zentrum ds Hammerklavierbaus, wobei der typisch wienerische Klavierklang, der aufgrund spezifischer technischer und baulicher Parameter entstand, Inspiration für Komponisten und Interpreten war. Zu dieser Entwicklung trugen vor allem die in Wien ansässigen Instrumentenmacher (Christoph, Leydecker, Moyse, Stein, Streicher etc.) bei, die für den Hof oder als bürgerliche Handwerker tätig waren und innovative Lösungen in den Klavierbau brachten und über deren Biographie Neues berichtet wird. Im frühen 19. Jh. traten neben Wien auch Paris und London mit Firmen auf, die international operierten und größere Stückzahlen auf den Markt brachten. Broadwood und Erard definierten ein neues auf der Stoßzungenmechanik basierendes Klangideal, neben dem sich die Wiener Klaviere mit ihrer Prellzungenmechanik nur schwer behaupten konnten. Im vorliegenden Band werden die fertigungstechnischen Spezifika des Wiener Klaviers sowie die Betriebsorganisation und Unternehmensstruktur der vergleichsweise kleineren Unternehmer im Raum Österreich und den Kronländern analysiert, wobei der gegenseitigen Beeinflussung der Wiener, deutschen und italienischen Werkstätten große Aufmerksamkeit zuteil wird. Weiters werden die Varianten der ästhetischen Entwicklung und des Designs der Wiener Klaviere bis 1850 aufgezeigt, sowie dendrochronologische Untersuchungsergebnisse zu den Instrumenten internationaler renommierter Sammlungen veröffentlicht. 606 $aPiano$xConstruction$zAustria$xHistory$vCongresses 606 $aPiano makers$zAustria$zVienna$xHistory$vCongresses 606 $aMusic$zAustria$zVienna$y19th century$vCongresses 606 $aMusic$2HILCC 606 $aMusic, Dance, Drama & Film$2HILCC 606 $aMusic History & Criticism, General$2HILCC 610 $apianoforte 610 $ahistory of piano 610 $ainstrument makers 610 $apiano design 610 $apiano action 610 $adendrochronology 610 $aKlavier 610 $aOrgel 615 0$aPiano$xConstruction$xHistory 615 0$aPiano makers$xHistory 615 0$aMusic 615 7$aMusic 615 7$aMusic, Dance, Drama & Film 615 7$aMusic History & Criticism, General 676 $a786.2190943613 700 $aDarmstädter$b Beatrix$4auth$0801918 702 $aHuber$b Alfons 702 $aDarmstädter$b Beatrix 702 $aHopfner$b Rudolf 712 02$aKunsthistorisches Museum Wien, 801 0$bPQKB 801 2$bUkMaJRU 906 $aBOOK 912 $a996210012403316 996 $aDas Wiener Klavier bis 1850$93384112 997 $aUNISA